An encyclopaedia of religions/ (Record no. 160530)

000 -LEADER
fixed length control field 00298nam a22001337a 4500
082 ## - DEWEY DECIMAL CLASSIFICATION NUMBER
Classification number
Item number
100 ## - MAIN ENTRY--PERSONAL NAME
Personal name Maurice A Canney
245 ## - TITLE STATEMENT
Title An encyclopaedia of religions/
Statement of responsibility, etc. by Maurice A Canney.
250 ## - EDITION STATEMENT
Edition statement
260 ## - PUBLICATION, DISTRIBUTION, ETC.
Place of publication, distribution, etc. Delhi:
Name of publisher, distributor, etc. Nag Pub,
Date of publication, distribution, etc. 1976p.
300 ## - PHYSICAL DESCRIPTION
Extent 397p.
650 ## - SUBJECT ADDED ENTRY--TOPICAL TERM
Topical term or geographic name entry element
942 ## - ADDED ENTRY ELEMENTS (KOHA)
Koha item type Book
Holdings
Withdrawn status Lost status Damaged status Not for loan Permanent Location Current Location Shelving location Date acquired Cost, normal purchase price Total Checkouts Barcode Date last seen Price effective from Koha item type
        RC Thiruvananthapuram RC Thiruvananthapuram   27.09.2018 200.00   TV001721 27.09.2018 27.09.2018 Book
        RC Thiruvananthapuram RC Thiruvananthapuram   27.09.2018 94.00   TV001720 27.09.2018 27.09.2018 Book